00370nam a2200133Ia 450000500170000000800410001702000150005808200130007310000210008624500520010726000370015930000130019650000270020920250509025504.0240331s9999 xx 000 0 und d a9555844518 bABEa891 aAbeypala, Roland 0aNawa yauwanaya :b manoo vidyathmaka vigrahayak aKottawabSara Publicationsc2006 a144 p ., aPsychological Analysis